[Event "Mexico City Revolucion op"]
[Site "Mexico City"]
[Date "2024.11.14"]
[Round "2"]
[White "Ruiz Uriostegui, Brandon Alexis"]
[Black "Mendez Tovar, Jessica Yissel"]
[Result "0-1"]
[WhiteElo "1707"]
[BlackElo "1948"]
[PlyCount "64"]
[EventDate "2024.11.13"]
[EventType "swiss"]
[EventRounds "9"]
[EventCountry "MEX"]
[SourceTitle "CB47_2024"]
[SourceDate "2024.11.20"]
[SourceVersion "1"]
[SourceVersionDate "2024.11.20"]
[SourceQuality "1"]

1. e4 e5 2. Nf3 Nc6 3. d4 exd4 4. Nxd4 d6 5. Nxc6 bxc6 6. Bc4 Be7 7. Nc3 Nf6 8. Qe2 0-0 9. Bb3 a5 10. Be3 Ng4 11. 0-0-0 Nxe3 12. Qxe3 Be6 13. f4 Qb8 14. h3 Qb6 15. Qe2 Rfb8 16. Na4 Qb5 17. Nc3 Qxe2 18. Nxe2 Bxb3 19. cxb3 a4 20. Nd4 axb3 21. axb3 Rb6 22. Kc2 Rab8 23. e5 c5 24. Nf5 Bf8 25. exd6 cxd6 26. Rd3 c4 27. bxc4 Rxb2+ 28. Kc3 g6 29. Rg3 Bg7+ 30. Nxg7 R8b3+ 31. Kd4 Rd2+ 32. Ke4 Rxg3 0-1

[Event "Mexico City Revolucion op"]
[Site "Mexico City"]
[Date "2024.11.13"]
[Round "1"]
[White "Avila Bautista, Roberto Al"]
[Black "Ruiz Uriostegui, Brandon Alexis"]
[Result "1-0"]
[WhiteElo "2183"]
[BlackElo "1707"]
[PlyCount "113"]
[EventDate "2024.11.13"]
[EventType "swiss"]
[EventRounds "9"]
[EventCountry "MEX"]
[SourceTitle "CB47_2024"]
[SourceDate "2024.11.20"]
[SourceVersion "1"]
[SourceVersionDate "2024.11.20"]
[SourceQuality "1"]

1. Nf3 Nf6 2. b3 g6 3. Bb2 Bg7 4. g3 0-0 5. c4 d6 6. Bg2 c5 7. 0-0 Nc6 8. Nc3 a6 9. d4 cxd4 10. Nxd4 Bd7 11. Rc1 Rb8 12. Qd2 Qa5 13. Rfd1 Rfc8 14. h4 h5 15. a3 Nxd4 16. Qxd4 Qc5 17. Qd2 Bc6 18. e4 Kh7 19. Qe2 Ng4 20. b4 Qa7 21. Bh3 Bd7 22. Kg2 Be6 23. Bxg4 Bxg4 24. f3 Be6 25. Nd5 Bxd5 26. exd5 Bxb2 27. Qxb2 b5 28. c5 dxc5 29. Qf2 Rb7 30. bxc5 Rbc7 31. c6 Qxf2+ 32. Kxf2 Kg7 33. Ke3 Rd8 34. Kd4 e6 35. Kc5 exd5 36. Kb6 Rdc8 37. Rxd5 Re7 38. c7 Re3 39. Rd8 Rxc7 40. Rxc7 Rxa3 41. f4 b4 42. Rdd7 Kf6 43. Rxf7+ Ke6 44. Rce7+ Kd5 45. Re5+ Kc4 46. Rc7+ Kd4 47. Rd7+ Kc4 48. Re4+ Kb3 49. Rd3+ Ka4 50. Rxa3+ Kxa3 51. Kxa6 b3 52. Kb5 b2 53. Re1 Ka2 54. Kc4 b1Q 55. Rxb1 Kxb1 56. Kd4 Kc2 57. Ke5 1-0